MARC

LEADER 00000nam0a2200000 4500
001 31122
005 20231101210022.0
010 |a 5741800033 
035 |a (RuTPU)RU\TPU\book\31398 
035 |a BOOK00000116 
090 |a 31122 
100 |a 20011209d2001 m y0rusy50 ca 
101 0 |a rus 
102 |a RU 
105 |a a j 000zy 
200 1 |a Физико-химическая геотехнология  |e учебное пособие  |f В. Ж. Аренс 
210 |a Москва  |c Изд-во Московского гос. горного ун-та  |d 2001 
215 |a 656 с. 
225 1 |a Высшее горное образование 
320 |a Библиогр.: с. 632. 
606 |a Геотехнология  |x Физико-химические основы  |2 stltpush  |3 (RuTPU)RU\TPU\subj\6247  |9 34176 
610 1 |a горное дело 
610 1 |a физико-химические основы 
610 1 |a моделирование 
610 1 |a добыча 
610 1 |a месторождения 
610 1 |a разработка 
610 1 |a экономика 
610 1 |a экология 
610 1 |a соли 
610 1 |a уголь 
610 1 |a сланцы 
610 1 |a нефть 
610 1 |a битум 
610 1 |a каустобиолиты 
610 1 |a сера 
610 1 |a металлы 
610 1 |a фосфорное сырье 
610 1 |a выщелачивание 
610 1 |a жидкие руды 
610 1 |a тепло Земли 
610 1 |a учебные пособия 
675 |a 622.277(075.8)  |v 3 
700 1 |a Аренс  |b В. Ж.  |g Виктор Жанович 
801 0 |a RU  |b 63413507  |c 20011209  |g PSBO 
801 2 |a RU  |b 63413507  |c 20180110  |g PSBO 
900 |a Бурение специальных (геотехнологических) скважин 
942 |c BK